000 00689nam a2200253Ia 4500
001 21162
003 DO-CoUTE
005 20260204212607.0
008 220104s9999 dr 000 0 spa d
020 _a978-607-707-075-7
040 _aDO-CoUTE
_bspa
_cDO-CoUTE
041 0 _aspa
082 _a658.404 D542e
100 1 _aDias Martin, Ángel
245 1 0 _aEl arte de dirigir proyectos / Ángel Dias Martin
250 _aTercera edición
260 _aMéxico : Alfa omega
300 _a583 páginas
650 4 _aAdministración de proyectos
650 4 _aControl de proyectos
942 _2ddc
_cBK
999 _c20972
_d20972